A to Z Social Studies; (Record no. 208380)

MARC details
000 -LEADER
fixed length control field 00506nam a22001817a 4500
005 - DATE AND TIME OF LATEST TRANSACTION
control field 20250110153515.0
010 ## - LCCN (DPL NO)
LC control number B-761670
020 ## - INTERNATIONAL STANDARD BOOK NUMBER
International Standard Book Number 9789351010432
Terms of availability 310.00
035 ## - SYSTEM CONTROL NUMBER
System control number B-761670
037 ## - SOURCE OF ACQUISITION
Source of stock number/acquisition Gift
082 ## - DEWEY DECIMAL CLASSIFICATION NUMBER
Classification number 300
100 ## - MAIN ENTRY--PERSONAL NAME
Personal name Devi, Kanta
245 ## - TITLE STATEMENT
Title A to Z Social Studies;
Remainder of title Book 2/
Statement of responsibility, etc Kanta Devi
260 ## - PUBLICATION, DISTRIBUTION, ETC. (IMPRINT)
Place of publication, distribution, etc New Delhi
Name of publisher, distributor, etc Flamingo Books
Date of publication, distribution, etc 2024
300 ## - PHYSICAL DESCRIPTION
Extent 116p.
Dimensions 28cm(pb)
942 ## - ADDED ENTRY ELEMENTS (KOHA)
Source of classification or shelving scheme Dewey Decimal Classification
Item type Children Books
Classification part 300
Call number suffix DEV
Holdings
Withdrawn status Lost status Not for loan Collection code Home library Current library Date acquired Source of acquisition Cost, normal purchase price Full call number Barcode Copy number Cost, replacement price Koha item type Public note
      Non-fiction RC3 Shakur Pur RC3 Shakur Pur 10/01/2025 Gift/8.1.25 310.00 300 DEV B-761670 1 310.00 Children Books Gift

© Delhi Public Library
Hit Counter
free hit counter